000 00805nam a2200265Ia 4500
003 OSt
005 20221005041651.0
006 a|||||r|||| 00| 0
007 ta
008 221004b |||||||| |||| 00| 0 urd d
020 _c125.00
024 _a24877
037 _b4626, 31/12/2015, Kitabi Duniya
_cTextual
040 _aCRL
_cCRL
_burd
041 _2urd
_aurd
082 _aO168,1N2810x, P2
100 _aUtsahi Bekal
_9589912
245 0 _aMoti ugay dhan ke kheit
260 _aDelhi
_bRizwan ul Raza Rizwan India
_c2002
300 _a208p.
_ccm.
650 _aURDU POETRY
700 _a Rizwan Rizwanur Raza Co.
_9589913
942 _hO168,1N2810x, P2
_cTEXL
_2cc
999 _c948907
_d948907